| 000 | 00383pam a2200169 a 4500 | ||
|---|---|---|---|
| 020 | _c | ||
| 041 | _h | ||
| 082 |
_a621.317 _bSEN |
||
| 100 | _aSEN P.C. | ||
| 245 |
_aPOWER ELECTONICS/ _hTextual Documents |
||
| 250 | _a01-01-2002. | ||
| 260 | _bTATA MC GRAW HILL INT. NEW DELHI | ||
| 300 | _aXV/1031 | ||
| 500 | _a5617 | ||
| 653 | _aPOWER ELECTRONICS (T.E.-II) | ||
| 930 | _a5213 | ||
| 999 |
_c48438 _d48438 |
||